书目信息 |
| 题名: |
风景园林计算机辅助设计
|
|
| 作者: | 高成广 主编 | |
| 分册: | ||
| 出版信息: | 北京 化学工业出版社 2010 |
|
| 页数: | 192页, [4] 页图版 | |
| 开本: | 26cm | |
| 丛书名: | 高等学校规划教材 | |
| 单 册: | ||
| 中图分类: | TU986.2-39 | |
| 科图分类: | ||
| 主题词: | 园林设计--yuan lin she ji--计算机辅助设计--应用软件--高等学校--教材 | |
| 电子资源: | ||
| ISBN: | 978-7-122-08855-0 | |
| 000 | 01259nam 2200289 450 | |
| 001 | 012001002236 | |
| 005 | 20131110102049.0 | |
| 010 | @a978-7-122-08855-0@dCNY29.00 | |
| 092 | @aCN@b三新KJ838-0273 | |
| 099 | @aCAL 012010198456 | |
| 100 | @a20100930d2010 ekmy0chiy50 ea | |
| 101 | 0 | @achi |
| 102 | @aCN@b110000 | |
| 105 | @aaefka 000yy | |
| 106 | @ar | |
| 200 | 1 | @a风景园林计算机辅助设计@Afeng jing yuan lin ji suan ji fu zhu she ji@f高成广主编 |
| 210 | @a北京@c化学工业出版社@d2010 | |
| 215 | @a192页, [4] 页图版@c图 (部分彩图)@d26cm | |
| 225 | 2 | @a高等学校规划教材@Agao deng xue xiao gui hua jiao cai@i风景园林系列 |
| 320 | @a有书目 (第192页) | |
| 330 | @a本书详细介绍了AutoCAD软件地概念、基本操作命令、基本编辑命令、绘图技巧和设置、图形属性设置、文本注释与尺寸标注、块和外部参照、数据转换、图纸布局与图形打印; Sketch Up常用工具、三维空间建模、三维环境效果制作, 文件交换与输出设置; Photoshop软件常用工具、图像处理和、图层及其应用、效果图制作等内容。 | |
| 410 | 0 | @12001@a高等学校规划教材@i风景园林系列 |
| 606 | 0 | @a园林设计@Ayuan lin she ji@x计算机辅助设计@x应用软件@x高等学校@j教材 |
| 690 | @aTU986.2-39@v4 | |
| 701 | 0 | @a高成广@Agao cheng guang@4主编 |
| 801 | 0 | @aCN@b北京卓展@c20191020 |
| 905 | @b1199952-3@dTU986.2-39@e1528@f2 | |
| 风景园林计算机辅助设计/高成广主编.-北京:化学工业出版社,2010 |
| 192页, [4] 页图版:图 (部分彩图);26cm.-(高等学校规划教材.风景园林系列) |
| ISBN 978-7-122-08855-0:CNY29.00 |
| 本书详细介绍了AutoCAD软件地概念、基本操作命令、基本编辑命令、绘图技巧和设置、图形属性设置、文本注释与尺寸标注、块和外部参照、数据转换、图纸布局与图形打印; Sketch Up常用工具、三维空间建模、三维环境效果制作, 文件交换与输出设置; Photoshop软件常用工具、图像处理和、图层及其应用、效果图制作等内容。 |
| ● |
| 相关链接 |
|
|
|
|
正题名:风景园林计算机辅助设计
索取号:TU986.2-39/1528
 
预约/预借
| 序号 | 登录号 | 条形码 | 馆藏地/架位号 | 状态 | 备注 |
| 1 | 1199952 | 211999523 | 第二样本阅览室/ [索取号:TU986.2-39/1528] | 在馆 | |
| 2 | 1199953 | 211999532 | 第三借阅区/ [索取号:TU986.2-39/1528] | 在馆 |